| 000 | 00543nam a22002057a 4500 | ||
|---|---|---|---|
| 005 | 20240902061110.0 | ||
| 008 | 240902b |||||||| |||| 00| 0 eng d | ||
| 020 | _a9788119679508 | ||
| 040 |
_aIN-DiNC _cIN-DiNC |
||
| 041 | _deng | ||
| 082 |
_a004 _bBOR |
||
| 100 |
_aBordoloi, Jayanta _eauthor |
||
| 245 |
_aDigital fluency/ _cby Jayanta Bordoloi and Pankaj Borah |
||
| 250 | _a1st ed. | ||
| 260 |
_aJorhat: _bBidya bhawan, _c2024. |
||
| 300 | _a120p. | ||
| 650 | _aComputer basics | ||
| 700 |
_aBora, Pankaj _eauthor |
||
| 942 |
_2ddc _cBK |
||
| 999 |
_c11915 _d11915 |
||